000 00229 a2200097 4500
001 48498
100 _aMarchington, T
245 _aMinerals and mineral deposits
260 _aLondon
_bOxford univ press
_c
090 _c31434
_d31434
942 _aNUST-CAE
_cM
_c23819
999 _c283571
_d283571